Advertising on the internet (Record no. 2141)

MARC details
000 -LEADER
fixed length control field 00379nam a22001697a 4500
005 - DATE AND TIME OF LATEST TRANSACTION
control field 20260509113248.0
008 - FIXED-LENGTH DATA ELEMENTS--GENERAL INFORMATION
fixed length control field 160530b xxu||||| |||| 00| 0 eng d
020 ## - INTERNATIONAL STANDARD BOOK NUMBER
ISBN 0-7494-3123-7
041 ## - LANGUAGE CODE
Language code of text/sound track or separate title eng
082 ## - DEWEY DECIMAL CLASSIFICATION NUMBER
Classification number 659.1
100 ## - MAIN ENTRY--AUTHOR NAME
Personal name Armstrong, Steven
245 ## - TITLE STATEMENT
Title Advertising on the internet
260 ## - PUBLICATION, DISTRIBUTION, ETC. (IMPRINT)
Name of publisher Kogan
300 ## - PHYSICAL DESCRIPTION
Number of Pages 107
650 ## - SUBJECT ADDED ENTRY--TOPICAL TERM
Topical Term Management
942 ## - ADDED ENTRY ELEMENTS (KOHA)
Koha item type Books
Holdings
Lost status Damaged status Collection code Home library Current library Shelving location Date acquired Full call number Accession Number Koha item type
    MANAGEMENT JRU Library JRU Library SHELF-73-D 30/05/2016 659.1 6044 Books